000 00549nam a2200217Ia 4500
003 OSt
005 20220928151301.0
006 a|||||r|||| 00| 0
007 ta
008 220927b |||||||| |||| 00| 0 eng d
024 _a122654
037 _cTextual
040 _aSDCL
_cSDCL
_beng
041 _2eng
_aeng
082 _aO12,6I66,1:g, M0
100 _aScreech M A
_9456070
245 0 _aEcstasy and the praise of folly.
260 _c1980
942 _hO12,6I66,1:g, M0
_cTEXL
_2CC
999 _c850909
_d850909